Zavádzanie informačnej technológie do knižníc informačný súbor (1)

Bibliographic Details
Main Author: Prokop, Igor, 1954-2022 (Author)
Format: Article
Language:Slovak
ISSN:1210-096X
Subjects:

MARC

LEADER 00000nab a2200000 a 4500
001 vtls000666088
003 SK-MaSNL
005 20260304094044.0
008 250425c1998 xo 0 slo
015 |a SNBRB1998/08-22713 
035 |a CLN000018273 
035 |a urn:nbn:sk:snk-ab6jr2 
035 |a (uuid)ec9f1a28-4070-422a-899b-d35d2f2e1530 
035 |a (urnnbn)urn:nbn:sk:snk:ar-004ofh 
040 |a SNKBUCL  |b slo  |c SNKBUCL  |e AACR2 
041 0 |a slo 
044 |a xo  |c SK 
080 |a 02:681.3  |2 1997 
080 |a 002.6:681.3  |2 1997 
080 |a 681.3  |2 1997 
245 0 0 |a Zavádzanie informačnej technológie do knižníc  |b informačný súbor  |n (1)  |c Preložil Igor Prokop 
650 0 7 |a knižnice  |x technológie informačné  |x zavádzanie  |2 snkbucl  |9 1390021 
655 7 |a články z novín a časopisov  |2 snkbucl  |9 267496 
700 1 |a Prokop, Igor,  |d 1954-2022  |4 aut  |9 106561 
773 0 |t Knižnice a informácie  |g Roč. 30, č. 8-9 (1998)  |g Roč. 30, č. 8-9 (1998), s. 1-28  |x 1210-096X  |x 1210-096X 
773 0 |t Príloha časopisu Knižnice a informácie  |g Roč. 30, č. 8-9 (1998)  |g Roč. 30, č. 8-9 (1998), s. 1-28  |x 1210-096X  |x 1210-096X 
850 |a Slovenská národná knižnica 
852 |a Slovenská národná knižnica 
954 |a odborná, vedecká literatúra pôvodná (slovenská)  |2 lita 
958 |a article2022 
958 |a KL 
958 |a OND 
958 |a EUIPO 
992 |a RBX 
999 |c 2825413  |d 2827343